Сборник задач по теории функций комплексного переменного

Bibliographische Detailangaben
1. Verfasser: Волковыский Л. И. Лев Израилевич
Weitere Verfasser: Лунц Г. Л. Григорий Львович, Араманович И. Г. Исаак Генрихович
Sprache:Russisch
Veröffentlicht: Москва, Наука, 1970
Ausgabe:2-е изд., перераб. и доп.
Schlagworte:
Format: Buch
KOHA link:https://koha.lib.tpu.ru/cgi-bin/koha/opac-detail.pl?biblionumber=70049

MARC

LEADER 00000nam0a2200000 4500
001 70049
005 20231101212504.0
035 |a (RuTPU)RU\TPU\book\74590 
090 |a 70049 
100 |a 20041111d1970 m y0rusy50 ca 
101 0 |a rus 
102 |a RU 
105 |a a j 000zy 
200 1 |a Сборник задач по теории функций комплексного переменного  |f Л. И. Волковыский, Г. Л. Лунц, И. Г. Араманович 
205 |a 2-е изд., перераб. и доп. 
210 |a Москва  |c Наука  |d 1970 
215 |a 319 с.  |c ил. 
451 1 |0 (RuTPU)RU\TPU\book\37317  |t Сборник задач по теории функций комплексного переменного  |o учебное пособие  |f Л. И. Волковыский, Г. Л. Лунц, И. Г. Араманович  |e 3-е изд., стереотип.  |c Москва  |n Наука  |d 1975  |p 319 с.  |a Волковыский, Лев Израилевич 
606 |a Функции комплексного переменного  |2 stltpush  |3 (RuTPU)RU\TPU\subj\17059  |9 42902 
610 1 |a учебные пособия 
610 1 |a математика 
610 1 |a задачи 
610 1 |a теория 
610 1 |a интегралы 
610 1 |a ряды 
610 1 |a формулы 
675 |a 517.53(076)  |v 3 
700 1 |a Волковыский  |b Л. И.  |g Лев Израилевич 
701 1 |a Лунц  |b Г. Л.  |g Григорий Львович 
701 1 |a Араманович  |b И. Г.  |g Исаак Генрихович 
801 1 |a RU  |b 63413507  |c 20041111  |g PSBO 
801 2 |a RU  |b 63413507  |c 20171228  |g PSBO 
942 |c BK